000 00244nam a22001097a 4500
082 _aSPR
100 _aSproston
245 _aElectroastatic damage in the electronics industry
260 _aEngland
_bIOP Pub
_c1987
300 _a72
942 _cBK
999 _c14630
_d14630